[Event "24th European Club Cup 2008"]
[Site "?"]
[Round "6.171"]
[Annotator ""]
[Source ""]
[Remark ""]

1.e4 c5 2.Nf3 Nc6 3.Bb5 g6 4.Bxc6 bxc6 5.O-O Bg7 6.c3 Nf6 7.Re1
O-O 8.h3 d6 9.d4 d5 10.e5 Ne4 11.Be3 Rb8 12.b3 cxd4 13.cxd4 f6
14.exf6 exf6 15.Nbd2 Qd6 16.Rc1 Bd7 17.Nxe4 dxe4 18.Nd2 f5 19.Nc4
Qd5 20.Bf4 Rbd8 21.Ne5 Be8 22.Bg5 Bf6 23.Bxf6 Rxf6 24.Qe2 Qxd4
25.Red1 Qb6 26.Qc4+ Bf7 27.Nxf7 Rxf7 28.Rxd8+ Qxd8 29.Qxc6 Qd4
30.Qe8+ Kg7 31.h4 e3 32.Qxe3 Qxh4 33.Rc4 Qf6 34.Ra4 Qe7 35.Qc3+
Qf6 36.Qc5 Qe7 37.Qd4+ Qf6 38.Qc5 Qe7 39.Qxe7 Rxe7 40.f4 Kh6
41.Kf2 Kh5 42.Kg3 Rd7 43.Ra5 h6 44.Kh3 Rd3+ 45.g3 g5 46.fxg5
Kxg5 47.Rxa7 Rd2 48.b4 Rb2 49.a3 h5 50.Ra8 Kg6 51.Rg8+ Kf6 52.Rf8+
Kg5 53.Rb8 Ra2 54.b5 h4 55.Rg8+ Kf6 56.b6 Rb2 57.Rb8 hxg3 58.Kxg3
Rb3+ 59.Kf4 Ke6 60.a4 Rb4+ 61.Kg5 Kd7 62.a5 Ra4 63.Ra8 Kc6 64.Kxf5
Kb7 65.Ra7+ Kb8 66.Ke5 Ra1 67.Kd5 Rc1 68.Rh7 Rd1+ 69.Kc6 Rd8
70.a6 Rg8 71.Kd7 Ka8 72.Re7 Rc8 73.b7+ 1-0

[White "Hammer, Jon Ludvig"]
[Black "Baramidze, David"]
[WhiteElo "2522"]
[BlackElo "2557"]
[Result "1/2-1/2"]
[Date "2008.10.21"]

[Event "24th European Club Cup 2008"]
[Site "?"]
[Round "5.111"]
[Annotator ""]
[Source ""]
[Remark ""]

1.e4 e5 2.Nf3 Nc6 3.Bb5 a6 4.Bxc6 dxc6 5.O-O f6 6.d4 exd4 7.Nxd4
c5 8.Nb3 Qxd1 9.Rxd1 Bg4 10.f3 Be6 11.Bf4 c4 12.Nd4 O-O-O 13.Nc3
Bc5 14.Be3 Bxd4 15.Bxd4 Ne7 16.Ne2 Nc6 17.Be3 Bf7 18.Nd4 Nxd4
19.Bxd4 Rd7 20.Bc3 Rxd1+ 21.Rxd1 Rd8 22.Re1 b5 23.g4 Rd7 24.Kf2
c5 25.a3 Kb7 26.Re2 Be6 27.Rd2 Rxd2+ 28.Bxd2 Kb6 29.h3 a5 30.c3
g6 31.Kg3 Kc6 32.Kf4 Kd6 33.Be1 Bd7 34.Bd2 Ke6 35.Be3 Kd6 36.Bd2
Ke6 37.Be3 1/2-1/2

[White "De Jong, Jan-Willem"]
[Black "Hammer, Jon Ludvig"]
[WhiteElo "2479"]
[BlackElo "2522"]
[Result "1/2-1/2"]
[Date "2008.10.20"]

[Event "24th European Club Cup 2008"]
[Site "?"]
[Round "4.171"]
[Annotator ""]
[Source ""]
[Remark ""]

1.d4 Nf6 2.c4 e6 3.Nc3 Bb4 4.Qc2 d5 5.a3 Bxc3+ 6.Qxc3 Ne4 7.Qc2
c5 8.dxc5 Nc6 9.e3 Qa5+ 10.Bd2 Nxd2 11.Qxd2 dxc4 12.Qxa5 Nxa5
13.Rc1 b5 14.cxb6 Bb7 15.bxa7 Ke7 16.Ne2 Rxa7 17.Nc3 Rb8 18.Na2
Bd5 19.Nb4 Nc6 20.Nxc6+ Bxc6 21.Rxc4 Ba4 22.Rb4 1/2-1/2

[White "Hansen, Torbjorn Ringdal"]
[Black "Hammer, Jon Ludvig"]
[WhiteElo "2436"]
[BlackElo "2522"]
[Result "1/2-1/2"]
[Date "2008.10.19"]

[Event "24th European Club Cup 2008"]
[Site "?"]
[Round "3.221"]
[Annotator ""]
[Source ""]
[Remark ""]

1.e4 e5 2.Nf3 Nc6 3.Bb5 Nf6 4.O-O Nxe4 5.Re1 Nd6 6.Nxe5 Be7 7.Bd3
Nxe5 8.Rxe5 O-O 9.Nc3 c6 10.Qe2 Bf6 11.Re3 Bd4 12.Bxh7+ Kxh7
13.Qd3+ Kg8 14.Rh3 Re8 15.Qh7+ Kf8 16.Qh8+ Ke7 17.Qh4+ Kf8 18.Qh8+ 1/2-1/2

[White "Hammer, Jon Ludvig"]
[Black "Jones, Richard S"]
[WhiteElo "2522"]
[BlackElo "2307"]
[Result "1-0"]
[Date "2008.10.18"]

[Event "24th European Club Cup 2008"]
[Site "?"]
[Round "6.172"]
[Annotator ""]
[Source ""]
[Remark ""]

1.e4 c5 2.Nf3 e6 3.d4 cxd4 4.Nxd4 a6 5.Bd3 Nf6 6.O-O Qc7 7.Qe2
d6 8.c4 g6 9.Nc3 Bg7 10.Nf3 Nc6 11.h3 O-O 12.Bf4 Nd7 13.Rac1
Nde5 14.Rfd1 Nxf3+ 15.Qxf3 Ne5 16.Qe3 Bd7 17.b3 Bc6 18.Bb1 Rad8
19.Rd2 Qa5 20.Qg3 f5 21.exf5 gxf5 22.Ne2 Ng6 23.Rcd1 e5 24.Bg5
f4 25.Qg4 Rd7 26.Bf5 Rdf7 27.Be6 f3 28.gxf3 Kh8 29.Bxf7 Rxf7
30.Qe6 Rxf3 31.Qxd6 Rxh3 32.Ng3 e4 33.Qd8+ Qxd8 34.Rxd8+ Bf8
35.Kg2 Rxg3+ 36.Kxg3 Kg7 37.R1d7+ Kg8 38.Rc7 1-0

[White "Braun, Arik"]
[Black "Trygstad, Kristian"]
[WhiteElo "2567"]
[BlackElo "2316"]
[Result "1/2-1/2"]
[Date "2008.10.21"]

[Event "24th European Club Cup 2008"]
[Site "?"]
[Round "4.172"]
[Annotator ""]
[Source ""]
[Remark ""]

1.e4 d6 2.Nc3 g6 3.d4 Bg7 4.Be3 a6 5.f4 e6 6.Nf3 Ne7 7.Bd3 Nd7
8.Qd2 b6 9.f5 exf5 10.Bh6 O-O 11.exf5 Nf6 12.fxg6 hxg6 13.Bxg7
Kxg7 14.O-O-O Bf5 15.Bxf5 Nxf5 16.h4 d5 17.h5 Rh8 18.hxg6 fxg6
19.Ne5 Ne4 20.Nxe4 dxe4 21.g4 Nd6 22.Rdf1 Qe7 23.Nc6 Qf6 24.g5
Qf3 25.Rhg1 Nc4 26.Qe1 Qe3+ 27.Qxe3 Nxe3 28.Re1 Rh3 29.Ne5 Rd8 1/2-1/2

[White "Inarkiev, Ernesto"]
[Black "Moen, Andreas"]
[WhiteElo "2669"]
[BlackElo "2353"]
[Result "1-0"]
[Date "2008.10.23"]

[Event "24th European Club Cup 2008"]
[Site "?"]
[Round "7.113"]
[Annotator ""]
[Source ""]
[Remark ""]

1.Nf3 Nf6 2.d4 e6 3.g3 d5 4.Bg2 Be7 5.O-O O-O 6.c4 b6 7.cxd5
exd5 8.Nc3 Bb7 9.Ne5 Qc8 10.Bf4 Rd8 11.Rc1 c5 12.dxc5 bxc5 13.Qb3
Na6 14.Rfd1 c4 15.Qb5 Nc7 16.Nc6 Bf8 17.Bxc7 Rd7 18.Bh3 Qxc7
19.Bxd7 Qxd7 20.Na5 Qh3 21.f3 Ba6 22.Qxa6 Bc5+ 23.Kh1 Nh5 24.Rg1
Rd8 25.Rg2 1-0

[White "Colovic, Aleksandar"]
[Black "Moen, Ole Christian"]
[WhiteElo "2458"]
[BlackElo "2236"]
[Result "1/2-1/2"]
[Date "2008.10.23"]

[Event "24th European Club Cup 2008"]
[Site "?"]
[Round "7.115"]
[Annotator ""]
[Source ""]
[Remark ""]

1.e4 e5 2.Nf3 Nc6 3.Bb5 a6 4.Ba4 d6 5.Bxc6+ bxc6 6.d4 f6 7.Be3
g6 8.Nbd2 Bh6 9.Qe2 a5 10.Qd3 Qd7 11.Qc3 Bg7 12.O-O Ne7 13.Rfd1
Qe6 14.a4 O-O 15.dxe5 fxe5 16.Qb3 c5 17.Qxe6+ Bxe6 18.Ne1 Rab8
19.b3 Nc6 20.Nd3 h5 21.Nb2 Kh7 22.Ndc4 Rfd8 23.Bd2 Ra8 24.Bc3
Rd7 25.Rd3 Ra6 26.Rad1 Nd4 27.Bxd4 cxd4 28.Re1 d5 29.exd5 Bf5
30.Rd2 e4 31.Kf1 Rxd5 32.f3 exf3 33.gxf3 d3 34.Nxd3 Bh3+ 35.Kf2
h4 36.Nf4 Rxd2+ 37.Nxd2 Bd4+ 38.Ke2 Bf5 39.Ne4 Kh6 40.Ng2 g5
41.Ne3 Bc8 42.Ng4+ Kg6 43.Kd3 Bg7 44.Rg1 Re6 45.Ne3 Bh6 1/2-1/2

[White "Moen, Andreas"]
[Black "Olsson, Anders"]
[WhiteElo "2353"]
[BlackElo "2404"]
[Result "1-0"]
[Date "2008.10.22"]

[Event "24th European Club Cup 2008"]
[Site "?"]
[Round "6.173"]
[Annotator ""]
[Source ""]
[Remark ""]

1.e4 e6 2.d4 d5 3.Nd2 Nf6 4.e5 Nfd7 5.Bd3 c5 6.c3 Nc6 7.Ne2 cxd4
8.cxd4 f6 9.exf6 Nxf6 10.Nf3 Bd6 11.O-O Qc7 12.Bg5 O-O 13.Rc1
Bd7 14.Nc3 a6 15.Re1 h6 16.Bd2 Ng4 17.g3 Nxd4 18.Nxd4 Nxf2 19.Qe2
Bxg3 20.Ne4 Bxh2+ 21.Kg2 Bc6 22.Rxc6 bxc6 23.Nxe6 Qe5 24.Nxf8
Nxd3 25.Qxd3 Rxf8 26.Ng5 Qf5 27.Qxf5 Rxf5 28.Re8+ Rf8 29.Rxf8+
Kxf8 30.Kxh2 hxg5 31.Bxg5 Kf7 32.Kg3 Ke6 33.Kf4 c5 34.Ke3 a5
35.a4 Ke5 36.Bf4+ Ke6 37.Bc7 Kd7 38.Bxa5 Kc6 39.Bd8 Kd7 40.Bg5
Kc6 41.Be7 g6 42.Kf4 Kb6 43.Ke5 d4 44.Kd5 d3 45.Bg5 Ka5 46.Kxc5
Kxa4 47.b4 1-0

[White "Moen, Ole Christian"]
[Black "Livner, Anders"]
[WhiteElo "2236"]
[BlackElo "2315"]
[Result "1-0"]
[Date "2008.10.22"]

[Event "24th European Club Cup 2008"]
[Site "?"]
[Round "5.113"]
[Annotator ""]
[Source ""]
[Remark ""]

1.e4 c5 2.Nf3 d6 3.d4 cxd4 4.Nxd4 Nf6 5.Nc3 a6 6.Be2 e5 7.Nb3
Be7 8.Bg5 Be6 9.Bxf6 Bxf6 10.Qd3 Nc6 11.O-O-O Qb6 12.Qxd6 Be7
13.Nd5 Bxd5 14.Qxd5 Rd8 15.Qc4 Qxf2 16.Rxd8+ Nxd8 17.Bf3 O-O
18.Qc7 Re8 1/2-1/2

[White "Moen, Ole Christian"]
[Black "Novkovic, Milan"]
[WhiteElo "2236"]
[BlackElo "2398"]
[Result "0-1"]
[Date "2008.10.21"]

[Event "24th European Club Cup 2008"]
[Site "?"]
[Round "5.115"]
[Annotator ""]
[Source ""]
[Remark ""]

1.e4 c5 2.Nf3 e6 3.d4 cxd4 4.Nxd4 Nf6 5.Bd3 Nc6 6.Nxc6 dxc6 7.Be3
e5 8.h3 Nd7 9.Bc4 Qf6 10.Nd2 Bc5 11.Qe2 O-O 12.Nb3 Bxe3 13.Qxe3
Qe7 14.Be2 Nf6 15.g4 Qb4+ 16.Qd2 Qxe4 17.O-O-O Nd5 18.Rhe1 Qf4
19.Bf1 f6 20.Qxf4 Nxf4 21.Rd6 Kf7 22.Red1 Ke7 23.c4 Nd5 24.c5
Rd8 25.Rxd8 Kxd8 26.g5 Kc7 27.gxf6 gxf6 28.Bd3 Bxh3 29.Bxh7 Rh8
30.Be4 Be6 31.Rg1 Rg8 32.Rh1 Rg7 33.Rh6 Rf7 34.Bg6 Re7 35.Nd2
Nf4 36.Bb1 f5 37.Nf3 e4 38.Nd4 Bd7 39.Kd2 Re5 40.b4 a5 41.a3
axb4 42.axb4 Nd5 43.Nc2 f4 44.Ba2 e3+ 45.fxe3 fxe3+ 46.Ke1 Nf4
47.Rh7 Nd3+ 0-1

[White "Broekmeulen, Jasper"]
[Black "Moen, Andreas"]
[WhiteElo "2325"]
[BlackElo "2353"]
[Result "1/2-1/2"]
[Date "2008.10.20"]

[Event "24th European Club Cup 2008"]
[Site "?"]
[Round "4.173"]
[Annotator ""]
[Source ""]
[Remark ""]

1.e4 e5 2.Nf3 Nf6 3.Nxe5 d6 4.Nf3 Nxe4 5.d4 d5 6.Bd3 Be7 7.O-O
Nc6 8.c4 Nb4 9.cxd5 Nxd3 10.Qxd3 Qxd5 11.Re1 Bf5 12.Nc3 Nxc3
13.Qxc3 Be6 14.Re5 Qd7 15.d5 Bxd5 16.Bh6 O-O-O 17.Bxg7 Rhe8 18.Rae1
f6 19.R5e3 Bb4 20.Qxb4 Rxe3 21.Rxe3 Qxg7 22.h3 Qg6 23.a3 b6 24.Kh2
Qf5 25.Qc3 Qf4+ 26.g3 Qd6 27.Nd4 Bb7 28.Nf5 Qd2 29.Ne7+ Kb8 30.Qxf6
a5 31.Rc3 Rd6 32.Qf8+ Rd8 33.Qf4 Rd6 34.Qf5 Rd8 35.Qf4 1/2-1/2

[White "Muhren, Willem"]
[Black "Moen, Ole Christian"]
[WhiteElo "2222"]
[BlackElo "2236"]
[Result "0-1"]
[Date "2008.10.20"]

[Event "24th European Club Cup 2008"]
[Site "?"]
[Round "4.175"]
[Annotator ""]
[Source ""]
[Remark ""]

1.e4 e5 2.Nc3 Nf6 3.g3 Bc5 4.Bg2 O-O 5.Nge2 Re8 6.O-O c6 7.d4
exd4 8.Nxd4 d6 9.h3 b5 10.Ndxb5 Ba6 11.a4 cxb5 12.e5 b4 13.Nb5
Nbd7 14.exf6 Qxf6 15.c3 bxc3 16.bxc3 Rab8 17.Bc6 Ne5 18.Bd5 Bb7
19.Ba3 Red8 20.Kg2 Nc4 21.Bb4 Bxf2 22.Rxf2 Ne3+ 23.Kg1 Qg5 24.Qf3
Bxd5 25.Qf4 Qxf4 26.Rxf4 g5 27.Rf6 Nc2 28.Rd1 Nxb4 29.cxb4 Bb3
30.Rdxd6 Bxa4 31.Rxd8+ Rxd8 32.Nxa7 Kg7 33.Ra6 Rd1+ 34.Kf2 Bd7
35.g4 Rd3 36.Kg2 h5 37.gxh5 Bxh3+ 38.Kh2 Bd7 39.b5 Rb3 40.Rb6
g4 41.Nc6 g3+ 42.Kg1 Bh3 43.h6+ Kh7 0-1

[White "Moen, Andreas"]
[Black "Bae, Torstein"]
[WhiteElo "2353"]
[BlackElo "2404"]
[Result "0-1"]
[Date "2008.10.19"]

[Event "24th European Club Cup 2008"]
[Site "?"]
[Round "3.222"]
[Annotator ""]
[Source ""]
[Remark ""]

1.e4 c6 2.d4 d5 3.exd5 cxd5 4.c4 Nf6 5.Nc3 Nc6 6.Nf3 Bg4 7.cxd5
Nxd5 8.Qb3 Bxf3 9.gxf3 Nb6 10.Be3 e6 11.O-O-O Be7 12.d5 exd5
13.Nxd5 Nxd5 14.Rxd5 Qc7 15.Kb1 O-O 16.Bd3 Nb4 17.Rh5 Nxd3 18.Qxd3
g6 19.Rc1 Qb8 20.Bd4 Qd6 21.Qe3 Rfd8 22.Bc5 Qd3+ 23.Qxd3 Rxd3
24.Bxe7 Rxf3 25.Rhc5 Rxf2 26.Rc8+ Rxc8 27.Rxc8+ Kg7 28.Bd6 g5
29.Rc7 Kg6 30.Rxb7 f5 31.Rxa7 f4 32.Rc7 Rxh2 33.Rc2 Rh1+ 34.Rc1
Rxc1+ 35.Kxc1 h5 36.Kd2 h4 37.Ke2 Kf5 38.a4 h3 39.Kf1 g4 40.a5
g3 41.Kg1 h2+ 42.Kh1 Kg4 43.Bxf4 Kxf4 44.a6 Kf3 45.a7 g2+ 46.Kxh2
Kf2 0-1

[White "Moen, Ole Christian"]
[Black "Sousa, Helsio Paulo"]
[WhiteElo "2236"]
[BlackElo "2229"]
[Result "1-0"]
[Date "2008.10.19"]

[Event "24th European Club Cup 2008"]
[Site "?"]
[Round "2.274"]
[Annotator ""]
[Source ""]
[Remark ""]

1.d4 d6 2.c4 Nd7 3.Nc3 e5 4.Nf3 g6 5.e4 Bg7 6.Be3 Ngf6 7.Be2
O-O 8.dxe5 dxe5 9.Qc2 c6 10.h3 Re8 11.O-O-O Qa5 12.Nd2 Bf8 13.g4
Nc5 14.Nb3 Nxb3+ 15.Qxb3 Bc5 16.Bxc5 Qxc5 17.g5 Nd7 18.Bg4 Nb6
19.Bxc8 Raxc8 20.Kb1 Rcd8 21.Qc2 Nxc4 22.Rxd8 Rxd8 23.Rd1 Rd4
24.Rxd4 exd4 25.Ne2 Qb4 0-1

[White "Moen, Andreas"]
[Black "Vitiugov, Nikita"]
[WhiteElo "2353"]
[BlackElo "2638"]
[Result "0-1"]
[Date "2008.10.17"]

[Event "24th European Club Cup 2008"]
[Site "?"]
[Round "1.132"]
[Annotator ""]
[Source ""]
[Remark ""]

1.d4 d5 2.c4 e6 3.Nc3 Bb4 4.Qb3 c5 5.a3 Ba5 6.cxd5 exd5 7.Nf3
Nc6 8.Bg5 f6 9.Bd2 c4 10.Qc2 Nge7 11.e4 Bxc3 12.Bxc3 b5 13.Be2
O-O 14.O-O dxe4 15.Qxe4 Bf5 16.Qh4 Nd5 17.Rfc1 Re8 18.Bf1 Re4 0-1

[White "Moen, Ole Christian"]
[Black "Turov, Maxim"]
[WhiteElo "2236"]
[BlackElo "2572"]
[Result "0-1"]
[Date "2008.10.17"]

[Event "24th European Club Cup 2008"]
[Site "?"]
[Round "1.134"]
[Annotator ""]
[Source ""]
[Remark ""]

1.e4 c5 2.Nf3 a6 3.g3 b5 4.Bg2 Bb7 5.d3 g6 6.O-O Bg7 7.a4 d6
8.axb5 axb5 9.Rxa8 Bxa8 10.Na3 Qb6 11.c3 Nd7 12.Re1 Ngf6 13.Qb3
Bc6 14.e5 dxe5 15.Nxe5 Nxe5 16.Rxe5 Bxg2 17.Kxg2 Qc6+ 18.f3 b4
19.cxb4 cxb4 20.Qxb4 O-O 21.Qc4 Qd7 22.Rc5 Rb8 23.b4 e6 24.Rc7
Qe8 25.Qc6 Qxc6 26.Rxc6 Bf8 27.b5 Nd5 28.Nc4 Rxb5 29.Rc8 Kg7
30.Bb2+ f6 31.Rd8 g5 32.Bd4 Rb3 33.Ne3 Nxe3+ 34.Bxe3 Ba3 35.h4
gxh4 36.gxh4 h5 37.Kg3 Bb4 38.Bf2 Bd2 39.Rd6 Kf7 40.Rd8 e5 41.Kg2
Rb2 42.Kf1 Ba5 43.Rd5 Bb6 44.Bxb6 Rxb6 45.f4 Ke6 46.Ra5 Rb4 47.fxe5
fxe5 48.Kf2 Rxh4 49.Ra8 Rf4+ 50.Ke3 Kf5 51.Rg8 h4 52.Rh8 Kg4
53.Rg8+ Kh3 54.Rg5 Rg4 55.Rxe5 Kg2 56.Rh5 h3 57.d4 h2 58.Rh8
h1Q 0-1

[White "Kovachev, Daniel Jakobsen"]
[Black "Stanojoski, Zvonko"]
[WhiteElo "2229"]
[BlackElo "2502"]
[Result "1/2-1/2"]
[Date "2008.10.23"]

[Event "24th European Club Cup 2008"]
[Site "?"]
[Round "7.114"]
[Annotator ""]
[Source ""]
[Remark ""]

1.e4 c5 2.Nf3 Nc6 3.d4 cxd4 4.Nxd4 e5 5.Nb5 a6 6.Nd6+ Bxd6 7.Qxd6
Qf6 8.Qxf6 Nxf6 9.Nc3 Nb4 10.Kd2 O-O 11.a3 Nc6 12.Bd3 d6 13.Rd1
Be6 14.Ke1 h6 15.f3 Ne7 16.Be3 Rac8 17.Rd2 Rfe8 18.Rad1 d5 19.exd5
Nexd5 20.Nxd5 Nxd5 21.Bg1 f5 22.Bxf5 Bxf5 23.Rxd5 Bxc2 24.Rc1
e4 25.fxe4 Bxe4 26.Rxc8 Rxc8 27.Rd2 Rc1+ 28.Rd1 Rxd1+ 29.Kxd1
Bxg2 30.h4 Kf7 31.Ke1 Bc6 32.Bd4 a5 33.Kf2 a4 34.Kg3 g5 35.hxg5
hxg5 36.Kg4 Kg6 37.Bc3 Bd7+ 1/2-1/2

[White "Hedman, Erik"]
[Black "Kovachev, Daniel Jakobsen"]
[WhiteElo "2353"]
[BlackElo "2229"]
[Result "1/2-1/2"]
[Date "2008.10.22"]

[Event "24th European Club Cup 2008"]
[Site "?"]
[Round "6.174"]
[Annotator ""]
[Source ""]
[Remark ""]

1.e4 e5 2.Nf3 Nc6 3.Bb5 a6 4.Ba4 Nf6 5.d3 b5 6.Bb3 Be7 7.a4 Bb7
8.O-O d6 9.Nc3 Nd4 10.axb5 Nxb3 11.cxb3 axb5 12.Rxa8 Bxa8 13.Nxb5
O-O 14.Bd2 c5 15.Bc3 Qd7 16.Na3 Rb8 17.Nc4 g6 18.Ng5 Nh5 19.Nh3
f5 20.f4 exf4 21.Nxf4 Nxf4 22.Rxf4 fxe4 23.dxe4 Qe6 24.h4 Rf8
25.Qg4 Qxg4 26.Rxg4 Rb8 27.Nd2 Kf7 28.Kf2 Bc6 29.Ke2 d5 30.exd5
Bxd5 31.Kf2 1/2-1/2

[White "Bezold, Michael"]
[Black "Kovachev, Daniel Jakobsen"]
[WhiteElo "2513"]
[BlackElo "2229"]
[Result "1-0"]
[Date "2008.10.21"]

[Event "24th European Club Cup 2008"]
[Site "?"]
[Round "4.174"]
[Annotator ""]
[Source ""]
[Remark ""]

1.f4 d5 2.Nf3 g6 3.g3 Bg7 4.Bg2 c6 5.c3 h5 6.d3 Nh6 7.a4 O-O
8.O-O Nd7 9.Qc2 Qb6+ 10.e3 a5 11.Na3 Nc5 12.Nd4 Bd7 13.Kh1 f6
14.e4 e5 15.Nf3 Nb3 16.Rb1 Nxc1 17.Rbxc1 dxe4 18.dxe4 Be6 19.Nd2
exf4 20.gxf4 Ng4 21.Ndc4 Qc5 22.h3 Bxc4 23.Nxc4 Qxc4 24.hxg4
hxg4 25.b3 Qc5 26.f5 Kf7 27.Qf2 Rh8+ 28.Kg1 Qxf2+ 29.Kxf2 Rad8
30.Rcd1 Bh6 31.Rh1 Rxd1 32.Rxd1 gxf5 33.exf5 Re8 34.Kg3 Re3+
35.Kxg4 Ke7 36.Rh1 Bg7 37.Rh7 Kf8 38.Rh3 Rxh3 39.Bxh3 Bh6 40.Kf3
Ke7 41.Ke4 Kd6 1/2-1/2

[White "Urkedal, Frode"]
[Black "Kovachev, Daniel Jakobsen"]
[WhiteElo "2316"]
[BlackElo "2229"]
[Result "0-1"]
[Date "2008.10.19"]

[Event "24th European Club Cup 2008"]
[Site "?"]
[Round "3.223"]
[Annotator ""]
[Source ""]
[Remark ""]

1.d4 Nf6 2.c4 e6 3.Nf3 Bb4+ 4.Nbd2 O-O 5.a3 Be7 6.e4 d5 7.e5
Nfd7 8.Bd3 c5 9.h4 f5 10.cxd5 exd5 11.g4 cxd4 12.Bxf5 Nc5 13.Nxd4
g6 14.Bc2 Nc6 15.Nxc6 bxc6 16.Nf1 Bxh4 17.Be3 Ne6 18.Ng3 Nf4
19.Qd2 Ng2+ 20.Kf1 Nxe3+ 21.Qxe3 Bg5 22.Qe2 Qb6 23.Kg2 Ba6 24.Qe1
Qxb2 25.Qb1 Rab8 26.Ra2 Qxe5 27.Qg1 Qf4 28.Bd1 Bc4 29.Rc2 Rf7
30.Rc3 Rb1 31.Rf3 Qc7 32.Rxf7 Qxf7 33.Qh2 Rb2 34.Bf3 Be3 0-1

[White "Kovachev, Daniel Jakobsen"]
[Black "Young, A"]
[WhiteElo "2229"]
[BlackElo "2002"]
[Result "1-0"]
[Date "2008.10.18"]

[Event "24th European Club Cup 2008"]
[Site "?"]
[Round "2.273"]
[Annotator ""]
[Source ""]
[Remark ""]

1.e4 e5 2.Nf3 Nc6 3.Bb5 Bc5 4.c3 Nf6 5.O-O O-O 6.d4 Bb6 7.Bg5
h6 8.Bh4 d6 9.Qd3 Qe7 10.Nbd2 Nb8 11.Rfe1 c6 12.Ba4 Re8 13.Rad1
Nbd7 14.Nc4 Bc7 15.dxe5 Nxe5 16.Nfxe5 dxe5 17.Nd6 Bxd6 18.Qxd6
Qxd6 19.Rxd6 Be6 20.Bc2 Nd7 21.Red1 Nb6 22.b3 f6 23.f3 Kf7 24.Bf2
Nc8 25.R6d2 Ne7 26.a4 b6 27.b4 Rec8 28.Rd6 Rc7 29.Rxe6 Kxe6 30.Bb3+
Nd5 31.exd5+ Kd7 32.dxc6+ Ke7 33.b5 Rd8 34.Rxd8 Kxd8 35.Be6 Ke7
36.Bd7 Kd6 37.c4 g6 38.Kf1 1-0

[White "Yemelin, Vasily"]
[Black "Kovachev, Daniel Jakobsen"]
[WhiteElo "2573"]
[BlackElo "2229"]
[Result "1-0"]
[Date "2008.10.17"]

[Event "24th European Club Cup 2008"]
[Site "?"]
[Round "7.116"]
[Annotator ""]
[Source ""]
[Remark ""]

1.e4 e6 2.d4 d5 3.Nd2 Nf6 4.e5 Nfd7 5.Bd3 c5 6.c3 Nc6 7.Ne2 cxd4
8.cxd4 f6 9.exf6 Qxf6 10.Nf3 h6 11.O-O Bd6 12.Ng3 O-O 13.Bc2
Rd8 14.Re1 Qf7 15.Qd3 Nf8 16.a3 Bd7 17.Ne5 Nxe5 18.dxe5 Bc5 19.Be3
Rac8 20.Rac1 a6 21.Bxc5 Rxc5 22.Qe3 Rdc8 23.Bh7+ Kxh7 24.Rxc5
Rxc5 25.Qxc5 Bc6 26.Qc2+ Kg8 27.Ne2 Ng6 28.Nd4 Be8 29.g3 h5 30.Qc8
Nf8 31.Qd8 Qg6 32.Rc1 Bd7 33.Rc3 Qe4 34.Rf3 Kh7 35.Rxf8 1-0

[White "Lissang, Christopher"]
[Black "Stubberud, Ornulf"]
[WhiteElo "2215"]
[BlackElo "2192"]
[Result "1-0"]
[Date "2008.10.22"]

[Event "24th European Club Cup 2008"]
[Site "?"]
[Round "6.176"]
[Annotator ""]
[Source ""]
[Remark ""]

1.e4 c5 2.Nf3 e6 3.d4 cxd4 4.Nxd4 a6 5.Bd3 Nf6 6.O-O Qc7 7.Qe2
d6 8.c4 g6 9.Nc3 Bg7 10.Nf3 Nbd7 11.Bf4 Ng4 12.Rac1 O-O 13.Rfd1
Nge5 14.b3 Nxf3+ 15.Qxf3 Ne5 16.Qe3 Bd7 17.Be2 Rad8 18.Qd2 Bc6
19.Bg5 f6 20.Be3 f5 21.Bg5 Rd7 22.Nd5 exd5 23.exd5 Ba4 24.bxa4
b6 25.a5 bxa5 26.Be3 Ng4 27.Bxg4 fxg4 28.c5 dxc5 29.Rxc5 Qb7
30.Rxa5 Rf5 31.Qe2 h5 32.Qc4 Kh7 33.g3 Rd6 34.Rc5 Rd7 35.a4 Bf8
36.Rc6 Qb4 37.Qxb4 Bxb4 38.Rxa6 Rfxd5 39.Rxd5 Rxd5 40.Ra7+ Kg8
41.Kg2 Kf8 42.Rb7 Be7 43.Rb5 Rd3 44.a5 Ra3 45.Rb8+ Kf7 46.Ra8 1-0

[White "Atlas, Dimitry"]
[Black "Stubberud, Ornulf"]
[WhiteElo "2322"]
[BlackElo "2192"]
[Result "1-0"]
[Date "2008.10.21"]

[Event "24th European Club Cup 2008"]
[Site "?"]
[Round "5.116"]
[Annotator ""]
[Source ""]
[Remark ""]

1.e4 c5 2.c3 Nf6 3.e5 Nd5 4.Nf3 e6 5.Bc4 d6 6.d4 cxd4 7.cxd4
Nc6 8.O-O Be7 9.Bd2 O-O 10.Nc3 dxe5 11.dxe5 Nb6 12.Bb3 Na5 13.Bc2
Nac4 14.Bc1 Qxd1 15.Rxd1 Bd7 16.Be4 Bc6 17.Bxc6 bxc6 18.b3 Na5
19.Bg5 Ba3 20.Ne4 Nd5 21.Rd3 Rac8 22.Bd2 Nb4 23.Rd7 a6 24.Bc1
Nc2 25.Bxa3 Nxa3 26.Rad1 c5 27.R7d6 c4 28.Rxa6 cxb3 29.axb3 Ra8
30.Rxa8 Rxa8 31.Rd3 h6 32.h4 Nc6 33.Rc3 Ra6 34.Nc5 Rb6 35.Na4
Ra6 36.Nc5 Rb6 37.Na4 Ra6 38.Rc5 g6 39.Nd2 Nd4 40.Rc8+ Kg7 41.Nc5
Rc6 42.Rxc6 Nxc6 43.Nd7 g5 44.h5 Nb5 45.f3 Nc3 46.Kf2 Nd5 47.Ne4
Nd4 48.Nec5 Nf4 49.Ke3 Nc2+ 50.Kd2 Nb4 51.g4 Nfd5 52.Ne4 Nf4
53.Kc3 Nfd5+ 54.Kd4 Nc2+ 55.Kc5 Ne1 56.Nd2 Nd3+ 57.Kc4 Nb2+ 58.Kd4
Nd1 59.Ne4 Nb2 60.Nef6 Nf4 61.Ne8+ Kg8 62.b4 Ne2+ 63.Ke3 Nc3
64.Nc7 1-0

[White "Stubberud, Ornulf"]
[Black "Huizer, Mark"]
[WhiteElo "2192"]
[BlackElo "2195"]
[Result "1-0"]
[Date "2008.10.20"]

[Event "24th European Club Cup 2008"]
[Site "?"]
[Round "2.275"]
[Annotator ""]
[Source ""]
[Remark ""]

1.e4 c5 2.Nf3 Nc6 3.d4 cxd4 4.Nxd4 g6 5.c4 Nf6 6.Nc3 d6 7.Nc2
Bg7 8.Be2 O-O 9.O-O Nd7 10.Bd2 a5 11.Kh1 Nc5 12.f3 f5 13.exf5
Bxf5 14.Ne3 Nd4 15.Nxf5 Nxf5 16.Rb1 e6 17.Nb5 Qd7 18.b3 b6 19.Re1
Rfe8 20.Qc2 h5 21.Bc3 Rad8 22.Bf1 h4 23.Rbd1 Kh7 24.a3 Qe7 25.b4
axb4 26.axb4 Na6 27.Re4 Nc7 28.Nd4 Qg5 29.Nxf5 gxf5 30.Rg4 1-0

[White "Klimov, Sergey"]
[Black "Stubberud, Ornulf"]
[WhiteElo "2521"]
[BlackElo "2192"]
[Result "1/2-1/2"]
[Date "2008.10.17"]

[Event "24th European Club Cup 2008"]
[Site "?"]
[Round "1.135"]
[Annotator ""]
[Source ""]
[Remark ""]

1.d4 Nf6 2.c4 g6 3.Nc3 Bg7 4.e4 d6 5.Nf3 O-O 6.Be2 e5 7.O-O Na6
8.Re1 c6 9.Bf1 Bg4 10.d5 c5 11.a3 Ne8 12.h3 Bd7 13.Nh2 f5 14.exf5
gxf5 15.f4 Qf6 16.Be2 Kh8 17.Kh1 Rb8 18.Rb1 b6 19.Bd2 Qh4 20.Nf3
Qg3 21.fxe5 dxe5 22.Qc1 Nd6 23.Bg5 f4 24.Bf1 Rbe8 25.Ne2 Qf2
26.Bh4 Qe3 27.Qxe3 fxe3 28.Bg5 Bxh3 29.Nc3 Bf5 30.Rbc1 e4 31.Nh2
Bg6 32.Bxe3 Bd4 33.g4 Nc7 34.Rcd1 Be5 35.Rd2 Re7 36.Bg2 Nxc4
37.Rde2 Bxc3 38.bxc3 Nxe3 39.d6 Rd7 40.Rxe3 Rxd6 41.Bxe4 Re8
42.Bxg6 Rxe3 43.Rxe3 hxg6 44.Re7 Nb5 45.g5 Nxc3 46.Ng4 Nd5 1/2-1/2

[White "Svensen, Tarjei"]
[Black "Gvein, Kenneth"]
[WhiteElo "2128"]
[BlackElo "2189"]
[Result "1/2-1/2"]
[Date "2008.10.19"]

[Event "24th European Club Cup 2008"]
[Site "?"]
[Round "2.276"]
[Annotator ""]
[Source ""]
[Remark ""]

1.e4 e6 2.Nf3 d5 3.e5 c5 4.b4 cxb4 5.a3 bxa3 6.d4 Nc6 7.c3 Bd7
8.Bd3 b5 9.Nxa3 b4 10.cxb4 Bxb4+ 11.Bd2 Nh6 12.O-O Nf5 13.Nc2
Bxd2 14.Qxd2 a5 15.Rfb1 O-O 16.Ra3 f6 17.Bxf5 exf5 18.Rb5 Nxe5
19.Rbxa5 Rxa5 20.Qxa5 Nxf3+ 21.gxf3 Qe8 22.Qxd5+ Be6 23.Qd6 f4
24.Ne1 Qg6+ 25.Kh1 Re8 26.Qxf4 Bh3 27.Re3 Rd8 28.Qe4 Bf5 29.Qf4
h6 30.Ng2 Bh3 31.Ne1 Qf7 32.Qe4 Qc4 33.Rd3 Qb5 0-1

[White "Khachatourian, Yerazik"]
[Black "Blechzin, Igor"]
[WhiteElo "2011"]
[BlackElo "2478"]
[Result "0-1"]
[Date "2008.10.17"]